Submarines and submersibles / (Record no. 2320)

MARC details
000 -LEADER
fixed length control field 01684cam a2200325 a 4500
005 - DATE AND TIME OF LATEST TRANSACTION
control field 20240719091032.0
020 ## - INTERNATIONAL STANDARD BOOK NUMBER
International Standard Book Number 9780756625511 (hardcover)
020 ## - INTERNATIONAL STANDARD BOOK NUMBER
International Standard Book Number 0756625513
020 ## - INTERNATIONAL STANDARD BOOK NUMBER
International Standard Book Number 9780756625504
020 ## - INTERNATIONAL STANDARD BOOK NUMBER
International Standard Book Number 0756625505
040 ## - CATALOGING SOURCE
Original cataloging agency DLC
Transcribing agency DLC
Modifying agency BAKER
-- CD5
-- BTCTA
-- DLC
Language of cataloging eng
050 00 - LIBRARY OF CONGRESS CALL NUMBER
Classification number VM365
Item number .L63 2007
082 00 - DEWEY DECIMAL CLASSIFICATION NUMBER
Classification number 623.82/05
Edition number 22
100 1# - MAIN ENTRY--PERSONAL NAME
Personal name Lock, Deborah
245 10 - TITLE STATEMENT
Title Submarines and submersibles /
Statement of responsibility, etc. written by Deborah Lock
250 ## - EDITION STATEMENT
Edition statement First American Edition, 2007
260 ## - PUBLICATION, DISTRIBUTION, ETC.
Place of publication, distribution, etc. New York :
Name of publisher, distributor, etc. DK Publishing,
Date of publication, distribution, etc. 2007
300 ## - PHYSICAL DESCRIPTION
Extent 32 pages :
Other physical details illustrations
Dimensions 23 cm
490 0# - SERIES STATEMENT
Series statement DK readers. 1, Beginning to read
500 ## - GENERAL NOTE
General note Includes index.
505 ## - FORMATTED CONTENTS NOTE
Formatted contents note M<br/>
520 ## - SUMMARY, ETC.
Summary, etc. "Are you ready to dive deep under the sea? Make reading your superpower with DK's beautiful, leveled nonfiction. Use your reading superpowers to learn all about living and working deep under the surface of the ocean - a high-quality, fun, nonfiction reader - carefully leveled to help children progress. Submarines and Submersibles is a beautifully designed reader all about life and work under water. The engaging text has been carefully leveled using lexiles so that children are set up to succeed. A motivating introduction to using essential nonfiction reading skills. Children will love to find out about sharks and other sea animals, mysterious wrecks, and how some people live and work in the depths of the ocean."
521 ## - TARGET AUDIENCE NOTE
Target audience note 530 <br/>
Source Lexile<br/>
521 ## - TARGET AUDIENCE NOTE
Target audience note M<br/>
Source Raz-Plus<br/>
650 #0 - SUBJECT ADDED ENTRY--TOPICAL TERM
Topical term or geographic name entry element Submarines (Ships)
Form subdivision Juvenile literature.
650 #0 - SUBJECT ADDED ENTRY--TOPICAL TERM
Topical term or geographic name entry element Submersibles
Form subdivision Juvenile literature.
906 ## - LOCAL DATA ELEMENT F, LDF (RLIN)
a 7
b cbc
c orignew
d 1
e ecip
f 20
g y-gencatlg
942 ## - ADDED ENTRY ELEMENTS (KOHA)
Source of classification or shelving scheme Dewey Decimal Classification
Koha item type Books
Suppress in OPAC No
999 ## -
-- 2320
-- 2320
Holdings
Withdrawn status Lost status Source of classification or shelving scheme Damaged status Not for loan Collection Home library Current library Shelving location Date acquired Total Checkouts Full call number Barcode Date last seen Date last checked out Price effective from Koha item type
    Dewey Decimal Classification     Non-Fiction Footprints International School Library Network Toul Kork Campus Footprints International School Library Network Toul Kork Campus TK Primary Library Room(4th Floor), Bookcase 3&4, Shelves 17-32, Yellow Books 11/16/2023 1 LOC 623.82 VM365 FISTK01428 09/06/2024 08/12/2024 11/16/2023 Books